[Event "13sen.WMH 2003 Senioren"]
[Site "Bad Zwischenahn(17.11.-29.11.2003)"]
[Date "2003.11.29"]
[Round "6"]
[White "Marquardt, Rolf"]
[Black "Kunze, Manfred"]
[Result "1-0"]
[WhiteElo "1774"]
[BlackElo "1550"]
[PlyCount "141"]


1. d4 Nf6 2. Nf3 e6 3. Bf4 Be7 4. e3 O-O 5. Bd3 d5 6. Nbd2 Nbd7 7. Qe2 c5 8. c3
a6 9. O-O b5 10. Ne5 c4 11. Bc2 Bb7 12. a3 Re8 13. h3 Nf8 14. Rad1 a5 15. Ng4
Ng6 16. Bg3 b4 17. axb4 axb4 18. e4 b3 19. Bb1 Nh5 20. Nh6+ gxh6 21. Qxh5 Bg5
22. e5 Bxd2 23. Rxd2 Qg5 24. Qe2 f5 25. exf6 Qxf6 26. Re1 Re7 27. Bd6 Rg7 28.
Qxe6+ Qxe6 29. Rxe6 Bc8 30. Re8+ Kf7 31. Re1 Be6 32. Rde2 Re8 33. Re3 Rgg8 34.
Rf3+ Kg7 35. Rfe3 Kf7 36. Bg3 h5 37. h4 Bd7 38. Rxe8 Rxe8 39. Kf1 Rxe1+ 40.
Kxe1 Ke6 41. f3 Kf7 42. Ke2 Kg7 43. Ke3 Kf6 44. Bf2 h6 45. Bg3 Be6 46. Bf4 Nxh4
47. Be5+ Kf7 48. g3 Ng6 49. Bf4 Kg7 50. Bd6 h4 51. g4 h3 52. Kf2 Kf6 53. Kg3 h2
54. Kxh2 Kg5 55. Kg3 h5 56. f4+ Kh6 57. Bxg6 Bxg4 58. Bf7 Be2 59. Bf8+ Kh7 60.
Bxd5 Kg6 61. Be4+ Kf7 62. Bh6 Ke6 63. Bf3 Bd3 64. Bxh5 Kf5 65. Kf3 Be4+ 66. Ke3
Bc2 67. Be2 Kg6 68. Bg5 Kf5 69. Bxc4 Bd1 70. Kd2 Bc2 71. Bd3+ 1-0

[Event "13sen.WMH 2003 Senioren"]
[Site "Bad Zwischenahn(17.11.-29.11.2003)"]
[Date "2003.11.29"]
[Round "6"]
[White "Maugg, Ludwig"]
[Black "Tchetchelnitski, Boris"]
[Result "1/2-1/2"]
[WhiteElo "2043"]
[BlackElo "2139"]
[PlyCount "137"]


1. d4 e6 2. c4 Bb4+ 3. Bd2 a5 4. Nf3 Nf6 5. g3 O-O 6. Nc3 d5 7. cxd5 exd5 8.
Bg2 c6 9. Rc1 Re8 10. O-O Bd6 11. Bg5 Nbd7 12. Qd3 h6 13. Bf4 Bxf4 14. gxf4 Nh5
15. e3 Nf8 16. Kh1 Ng6 17. Rg1 Nf6 18. Rc2 Ne4 19. Ne5 Nxc3 20. Rxc3 Nh4 21. f3
f6 22. Ng4 Bf5 23. Qd2 h5 24. Nf2 Qd7 25. Nd3 Bh3 26. Bxh3 Qxh3 27. Ne1 Nxf3
28. Nxf3 Qxf3+ 29. Qg2 Qxg2+ 30. Kxg2 Re7 31. Kf3 Rae8 32. Rd1 Kf7 33. Rdd3 g5
34. Rc5 a4 35. Ra5 gxf4 36. Kxf4 Re4+ 37. Kf3 Rh4 38. Rxa4 Rxh2 39. Rb3 b5 40.
Ra6 Re6 41. Rc3 Rxb2 42. Rcxc6 Rxc6 43. Rxc6 Rxa2 44. Rc5 b4 45. Rxd5 Kg6 46.
Rb5 Rb2 47. d5 Kf5 48. d6+ Ke6 49. Rxh5 Kxd6 50. Rb5 Rb1 51. Ke2 Kc6 52. Rf5
Rh1 53. Kd3 Rc1 54. Kd2 Rc5 55. Rxf6+ Kb5 56. e4 Ka4 57. Rf5 Rc6 58. Rf1 Kb3
59. e5 Re6 60. Rf5 Ka2 61. Kd3 b3 62. Kd4 b2 63. Rf1 Rc6 64. Kd5 Rc1 65. Rf2
Kb3 66. Rxb2+ Kxb2 67. e6 Rd1+ 68. Kc6 Re1 69. Kd7 1/2-1/2

[Event "13sen.WMH 2003 Senioren"]
[Site "Bad Zwischenahn(17.11.-29.11.2003)"]
[Date "2003.11.29"]
[Round "6"]
[White "Mayers_Lorien, Dan E."]
[Black "Assmann, Siegfried"]
[Result "1-0"]
[WhiteElo "1997"]
[BlackElo "1790"]
[PlyCount "78"]


1. e4 e5 2. f4 d5 3. exd5 Qxd5 4. Nc3 Qc5 5. fxe5 Qxe5+ 6. Be2 Bg4 7. d4 Bxe2
8. Ngxe2 Qh5 9. Bf4 Na6 10. O-O O-O-O 11. a3 Nf6 12. Qd3 c6 13. b4 Nc7 14. Be5
Ng4 15. Bxc7 Kxc7 16. Qg3+ Bd6 17. Nf4 Qxh2+ 18. Qxh2 Nxh2 19. Kxh2 g5 20. Ne4
Bxf4+ 21. g3 f5 22. Nc5 Be3 23. Ne6+ Kb6 24. Nxd8 Rxd8 25. c3 f4 26. Rad1 h5
27. Kg2 fxg3 28. Kxg3 Bf4+ 29. Kg2 Kb5 30. Rfe1 Rd7 31. Rd3 Kc4 32. Rf3 b5 33.
Re6 Rc7 34. Kf1 Kb3 35. Ke2 Kxa3 36. Kd3 a5 37. Re1 c5 38. bxc5 b4 39. Rh1 Kb3
1-0

[Event "13sen.WMH 2003 Senioren"]
[Site "Bad Zwischenahn(17.11.-29.11.2003)"]
[Date "2003.11.29"]
[Round "6"]
[White "Miessner, Rolf"]
[Black "Ristic, Sreten"]
[Result "0-1"]
[WhiteElo "1616"]
[BlackElo "1772"]
[PlyCount "136"]


1. e4 g6 2. d4 d6 3. Nc3 Bg7 4. Be3 c6 5. Bd3 Nd7 6. Qd2 Qc7 7. f4 Ndf6 8. h3
e6 9. g4 b6 10. Nf3 Bb7 11. O-O Nd7 12. f5 e5 13. Bc4 f6 14. dxe5 dxe5 15. Rad1
O-O-O 16. Qd6 Bf8 17. Qxc7+ Kxc7 18. Rd3 Ne7 19. Rfd1 Nc8 20. Be6 Nd6 21. b3
Be7 22. a4 g5 23. Nd2 h5 24. Kg2 Rh7 25. Nc4 Nb8 26. a5 Nxc4 27. bxc4 Rxd3 28.
axb6+ axb6 29. Rxd3 Bb4 30. Na4 c5 31. Bd5 Bc6 32. Nc3 Bxc3 33. Rxc3 hxg4 34.
hxg4 Na6 35. Ra3 Bxd5 36. exd5 Kb7 37. c3 Rh4 38. Kg3 Rh1 39. Ra2 Nb8 40. Kg2
Rb1 41. Kf3 Nd7 42. Ke4 b5 43. cxb5 Rxb5 44. Rh2 Kc7 45. Rh7 Kd6 46. Rh6 Ke7
47. Rh7+ Kd6 48. Rh6 Kc7 49. Rh7 c4 50. Re7 Rb3 51. Bd2 Rb2 52. Ke3 Kd6 53. Rf7
Rb7 54. Rg7 Kxd5 55. Kf3 e4+ 56. Ke2 Nc5 57. Rxb7 Nxb7 58. Ke3 Nc5 59. Bc1 Nd7
60. Kf2 Ne5 61. Kg3 Kd6 62. Be3 Nf3 63. Bf2 Kc6 64. Be3 Kb5 65. Bf2 Ka4 66. Bc5
Ne5 67. Be7 e3 68. Bxf6 e2 0-1

[Event "13sen.WMH 2003 Senioren"]
[Site "Bad Zwischenahn(17.11.-29.11.2003)"]
[Date "2003.11.29"]
[Round "6"]
[White "Moeckel, Edgar,Dr."]
[Black "Dirksen, Arno"]
[Result "1-0"]
[WhiteElo "1805"]
[BlackElo "1678"]
[PlyCount "47"]


1. d4 Nf6 2. Nf3 c5 3. d5 e6 4. c4 b5 5. Nc3 bxc4 6. e4 Bb7 7. Bxc4 Qa5 8. O-O
Qb4 9. Qe2 a5 10. Nb5 Nxe4 11. a3 Qxc4 12. Qxc4 exd5 13. Nc7+ Kd8 14. Nxd5 f5
15. Rd1 Ba6 16. Qb3 Kc8 17. Nb6+ Kb7 18. Nxd7+ Kc8 19. Nb6+ Kb7 20. Nxa8+ Kxa8
21. Rd8 Bd6 22. Rxh8 c4 23. Qb6 Bc5 24. Qxb8# 1-0

[Event "13sen.WMH 2003 Senioren"]
[Site "Bad Zwischenahn(17.11.-29.11.2003)"]
[Date "2003.11.29"]
[Round "6"]
[White "Molez, Karl"]
[Black "Schuller, Erhard"]
[Result "1-0"]
[WhiteElo "1885"]
[BlackElo "1586"]
[PlyCount "67"]


1. d4 Nf6 2. c4 e6 3. Nc3 d5 4. e3 b6 5. Nf3 Bb7 6. Be2 dxc4 7. Bxc4 g6 8. b3
Nbd7 9. O-O Bg7 10. Ba3 a6 11. Qe2 b5 12. Bd3 Nd5 13. Nxd5 Bxd5 14. e4 Bb7 15.
Rac1 Bf8 16. Bb2 Bg7 17. d5 O-O 18. dxe6 fxe6 19. Bxg7 Kxg7 20. Nd4 Re8 21. Qg4
Nf8 22. Rfd1 Rc8 23. Nc6 Bxc6 24. Rxc6 Qe7 25. Rxa6 c6 26. a4 bxa4 27. Rxa4
Red8 28. Bc4 Rxd1+ 29. Qxd1 Rd8 30. Qa1+ Kg8 31. g3 Qd6 32. Qf6 Rd7 33. Ra8 Rf7
34. Qxe6 1-0

[Event "13sen.WMH 2003 Senioren"]
[Site "Bad Zwischenahn(17.11.-29.11.2003)"]
[Date "2003.11.29"]
[Round "6"]
[White "Mueller, Hartmut Dieter"]
[Black "Schwarz, Werner[40Fürth]"]
[Result "0-1"]
[WhiteElo "1425"]
[BlackElo "1725"]
[PlyCount "96"]


1. c4 Nf6 2. Nc3 e5 3. e4 Bc5 4. h3 Nc6 5. Nf3 d6 6. d3 h6 7. a3 a5 8. Rb1 Bd7
9. Nd5 a4 10. Bd2 Nxd5 11. cxd5 Nd4 12. Nxd4 Bxd4 13. Qf3 O-O 14. Qg3 Kh7 15.
Be2 f5 16. exf5 Bxf5 17. Bc3 Bb6 18. O-O Qf6 19. b4 axb3 20. Rxb3 Qf7 21. Qf3
Qg6 22. Bd2 e4 23. Qh5 Qxh5 24. Bxh5 exd3 25. Be3 Bxe3 26. fxe3 b6 27. Bf3 d2
28. e4 Bxe4 29. Rb2 Bxd5 30. Rxd2 Bxf3 31. gxf3 Rxa3 32. Kg2 b5 33. Rd5 Rb8 34.
Rc1 Rb7 35. Rb1 Ra2+ 36. Kg3 b4 37. Rd3 Rb6 38. Kf4 c5 39. Rdb3 Rba6 40. Ke4
R6a3 41. Kd3 d5 42. Rxa3 Rxa3+ 43. Ke2 b3 44. Kd1 c4 45. Kd2 d4 46. Rc1 Ra2+
47. Kd1 c3 48. f4 Rh2 0-1

[Event "13sen.WMH 2003 Senioren"]
[Site "Bad Zwischenahn(17.11.-29.11.2003)"]
[Date "2003.11.29"]
[Round "6"]
[White "Mueller, Heinz[41Sandersd]"]
[Black "Viner, Phillip"]
[Result "1/2-1/2"]
[WhiteElo "1777"]
[BlackElo "2127"]
[PlyCount "169"]


1. d4 d5 2. Nf3 Nf6 3. e3 Bf5 4. c4 c6 5. Nc3 e6 6. Be2 Nbd7 7. O-O h6 8. b3
Bd6 9. Bb2 O-O 10. Nh4 Be4 11. f4 Ng4 12. Bxg4 Qxh4 13. Nxe4 dxe4 14. g3 Qe7
15. f5 Nf6 16. fxe6 fxe6 17. Bh3 Rad8 18. Qc2 Qe8 19. Rad1 Kh8 20. Rd2 Nh7 21.
Rxf8+ Bxf8 22. Bg2 Bb4 23. Re2 Qh5 24. Bxe4 Ng5 25. Bg2 Rf8 26. Rf2 Rxf2 27.
Qxf2 Qd1+ 28. Qf1 Qd2 29. h4 Qxe3+ 30. Qf2 Qxf2+ 31. Kxf2 Nh7 32. Bh3 Nf8 33.
h5 Kg8 34. Ke3 Bd6 35. g4 Kf7 36. Bg2 Nd7 37. Be4 Nf6 38. Bg6+ Ke7 39. Kf3 Nd7
40. Bc2 Nf6 41. Bc3 Ne8 42. Bg6 Nf6 43. b4 b5 44. d5 exd5 45. cxd5 cxd5 46. a3
Kd7 47. Bf5+ Kc6 48. Ke3 Bh2 49. Kd3 Kd6 50. Bd4 Be5 51. Bc5+ Kc6 52. Be3 Bb2
53. Bxa7 Bxa3 54. Bc5 Bb2 55. Ke3 Be5 56. Be6 Bd6 57. Bxd6 Kxd6 58. Bf5 Ke5 59.
Kd3 d4 60. Ke2 Nd5 61. Bd7 Nxb4 62. Kd2 Kf4 63. Bxb5 Kxg4 64. Be2+ Kf5 65. Bf3
g5 66. hxg6 Kxg6 67. Ke2 h5 68. Be4+ Kg5 69. Kf3 h4 70. Bb7 Nd3 71. Bc8 Nc5 72.
Bh3 Nd3 73. Bc8 Nc5 74. Bh3 Kf6 75. Bf1 Kf5 76. Bh3+ Ke5 77. Bf1 Ne4 78. Kg4
Nc5 79. Kxh4 Kf4 80. Bc4 Ne4 81. Ba6 Nc5 82. Bc4 Ke3 83. Kg3 Kd2 84. Kf3 Kc3
85. Bf1 1/2-1/2

[Event "13sen.WMH 2003 Senioren"]
[Site "Bad Zwischenahn(17.11.-29.11.2003)"]
[Date "2003.11.29"]
[Round "6"]
[White "Neese, Hans-Joachim"]
[Black "Johannsen, Ingbert"]
[Result "1-0"]
[WhiteElo "2132"]
[BlackElo "1957"]
[PlyCount "103"]


1. d4 f5 2. c4 Nf6 3. Nc3 g6 4. g3 Bg7 5. Bg2 d6 6. f4 O-O 7. Nf3 c6 8. O-O Qe8
9. b4 h6 10. Bb2 Nbd7 11. Qb3 Kh7 12. Rfe1 Qf7 13. b5 Ne4 14. e3 Nb6 15. Nxe4
fxe4 16. Nd2 cxb5 17. Qxb5 Bd7 18. Qb4 Rfc8 19. Rac1 Bf5 20. Rc2 d5 21. c5 Rc7
22. Qa5 Qe8 23. Rec1 Qa4 24. Bc3 Rac8 25. Bf1 Bd7 26. Bb4 Na8 27. Nb3 e6 28.
Rc3 b6 29. Qxa4 Bxa4 30. Ba6 Rd8 31. cxb6 Rxc3 32. Rxc3 Nxb6 33. Nc5 Bd7 34.
Nxd7 Rxd7 35. Rc6 Kg8 36. Rxe6 Kf7 37. Rc6 Bf6 38. Bb5 Rb7 39. Ba6 Rd7 40. Ba5
Bd8 41. Kf2 Rc7 42. Rc5 Ke6 43. Be2 Kd6 44. Bb4 Ke6 45. Bg4+ Kf6 46. Bd1 Ke6
47. Bb3 Nc4 48. Ke2 a5 49. Bc3 Kd6 50. Bxc4 dxc4 51. Bxa5 Rxc5 52. dxc5+ 1-0

[Event "13sen.WMH 2003 Senioren"]
[Site "Bad Zwischenahn(17.11.-29.11.2003)"]
[Date "2003.11.29"]
[Round "6"]
[White "Olberg, Gerhard"]
[Black "Wulf, Adalbert"]
[Result "1/2-1/2"]
[WhiteElo "1630"]
[BlackElo "1800"]
[PlyCount "48"]


1. c4 Nf6 2. Nc3 d5 3. cxd5 Nxd5 4. e4 Nb6 5. d4 c6 6. Be2 g6 7. Be3 Bg7 8. Nf3
Bg4 9. b3 O-O 10. Qd2 N8d7 11. Rd1 Qc8 12. h3 Bxf3 13. Bxf3 c5 14. Ne2 cxd4 15.
Bxd4 Ne5 16. Bxe5 Bxe5 17. Rc1 Qd8 18. Qe3 Qd6 19. O-O Rfd8 20. g3 Qd3 21. Rcd1
Qc2 22. Nc1 Qc7 23. Kg2 Rac8 24. Qe2 Rxd1 1/2-1/2

[Event "13sen.WMH 2003 Senioren"]
[Site "Bad Zwischenahn(17.11.-29.11.2003)"]
[Date "2003.11.29"]
[Round "6"]
[White "Oser, Thor"]
[Black "Gutknecht, Christa"]
[Result "1/2-1/2"]
[WhiteElo "1722"]
[BlackElo "1666"]
[PlyCount "44"]


1. e4 d5 2. exd5 Qxd5 3. Nf3 Nf6 4. h3 Bf5 5. d3 e6 6. Be2 c6 7. Bf4 Qa5+ 8. c3
h6 9. Nbd2 Be7 10. Qb3 b5 11. Nd4 Qb6 12. Nxf5 exf5 13. Bf3 Na6 14. d4 Nc7 15.
O-O O-O 16. Qc2 Ncd5 17. Bxd5 Nxd5 18. Qxf5 Nxf4 19. Qxf4 Bg5 20. Qf3 Bxd2 21.
h4 Qc7 22. g3 h5 1/2-1/2

[Event "13sen.WMH 2003 Senioren"]
[Site "Bad Zwischenahn(17.11.-29.11.2003)"]
[Date "2003.11.29"]
[Round "6"]
[White "Perk, Egbert"]
[Black "Weyand, Fernand"]
[Result "1/2-1/2"]
[WhiteElo "1883"]
[BlackElo "1705"]
[PlyCount "65"]


1. d4 Nf6 2. c4 e6 3. Nf3 b6 4. e3 Bb7 5. Bd3 d5 6. O-O Be7 7. Nbd2 O-O 8. Ne5
Nbd7 9. f4 c5 10. Ndf3 dxc4 11. Bxc4 cxd4 12. exd4 Bd5 13. Bb5 Rc8 14. Qa4 Nxe5
15. fxe5 Ne4 16. Be3 a6 17. Bd3 Bb7 18. Rfe1 f5 19. exf6 Bxf6 20. Qd1 Qd5 21.
Qe2 b5 22. a4 Bc6 23. Rac1 Nd6 24. Rc5 Qb3 25. Ne5 Bd5 26. Nd7 Rxc5 27. Nxc5
Qb4 28. Nd7 Rf7 29. Ne5 Bxe5 30. dxe5 Nc4 31. axb5 axb5 32. Bd4 Rf4 33. Bxc4
1/2-1/2

[Event "13sen.WMH 2003 Senioren"]
[Site "Bad Zwischenahn(17.11.-29.11.2003)"]
[Date "2003.11.29"]
[Round "6"]
[White "Petrasch, Klaus"]
[Black "Schneider, Miloca"]
[Result "1-0"]
[WhiteElo "1914"]
[BlackElo "1818"]
[PlyCount "57"]


1. e4 d5 2. exd5 Nf6 3. d4 Nxd5 4. c4 Nb6 5. c5 Nd5 6. Nf3 Bg4 7. Qb3 Bc8 8.
Bc4 e6 9. Nc3 c6 10. O-O Be7 11. Re1 O-O 12. Bd2 Nd7 13. Rad1 N7f6 14. h3 Re8
15. Bg5 Nxc3 16. bxc3 Nd5 17. Bxe7 Rxe7 18. Bxd5 exd5 19. Qc2 Rxe1+ 20. Rxe1
Be6 21. Qd2 h6 22. Ne5 Qa5 23. Re3 Re8 24. Rg3 Kh7 25. Qc2+ Kh8 26. f4 f5 27.
Qe2 Qd8 28. Qh5 Rg8 29. Rg6 1-0

[Event "13sen.WMH 2003 Senioren"]
[Site "Bad Zwischenahn(17.11.-29.11.2003)"]
[Date "2003.11.29"]
[Round "6"]
[White "Petzold, Hilmar"]
[Black "Sarkosch, Nerssi,Dr."]
[Result "1-0"]
[WhiteElo "1951"]
[BlackElo "1646"]
[PlyCount "63"]


1. e4 d6 2. d4 Nf6 3. Nc3 g6 4. Bc4 Bg7 5. Nf3 Nc6 6. h3 O-O 7. O-O Nxe4 8.
Nxe4 d5 9. Bxd5 Qxd5 10. Nc3 Qh5 11. Be3 Rd8 12. Ne2 Qb5 13. b3 Ne5 14. Nxe5
Bxe5 15. c4 Qa6 16. Qe1 Bg7 17. Qb4 Qd6 18. Qxd6 Rxd6 19. Rad1 Bf5 20. g4 Be6
21. d5 Rad8 22. Bf4 R6d7 23. Rc1 Bxd5 24. cxd5 Rxd5 25. Rxc7 R5d7 26. Rfc1 Rd1+
27. Rxd1 Rxd1+ 28. Kg2 f5 29. Rxe7 fxg4 30. hxg4 Re1 31. Kf3 Ra1 32. Rxg7+ 1-0

[Event "13sen.WMH 2003 Senioren"]
[Site "Bad Zwischenahn(17.11.-29.11.2003)"]
[Date "2003.11.29"]
[Round "6"]
[White "Pitro, Erwin"]
[Black "Ahlberg, Guenter"]
[Result "0-1"]
[WhiteElo "1947"]
[BlackElo "1932"]
[PlyCount "46"]


1. f4 c6 2. Nf3 d5 3. b3 Nf6 4. Bb2 Bg4 5. e3 Nbd7 6. Be2 Bxf3 7. Bxf3 Qc7 8.
Bxf6 Nxf6 9. O-O e5 10. g3 e4 11. Bg2 Bc5 12. c3 O-O 13. b4 Bb6 14. Na3 a5 15.
Nc2 axb4 16. cxb4 d4 17. Nxd4 Bxd4 18. exd4 Rfd8 19. Qe2 Rxd4 20. a3 Qd7 21.
Rf2 Rxb4 22. Qd1 Rba4 23. Qc1 Ng4 0-1

[Event "13sen.WMH 2003 Senioren"]
[Site "Bad Zwischenahn(17.11.-29.11.2003)"]
[Date "2003.11.29"]
[Round "6"]
[White "Plassmann, Florenz"]
[Black "Petzold, Rolf"]
[Result "1-0"]
[WhiteElo "1862"]
[BlackElo "1639"]
[PlyCount "52"]


1. Nf3 Nf6 2. c4 c6 3. d4 d5 4. Qc2 Na6 5. Bf4 g6 6. Qb3 Bg7 7. h3 O-O 8. e3
Nc7 9. Nc3 a6 10. c5 Nd7 11. Be2 Re8 12. O-O e5 13. Bh2 e4 14. Nd2 a5 15. Na4
Nb5 16. Bxb5 cxb5 17. Qxb5 Ra6 18. Rac1 Rc6 19. Nb3 Ra6 20. c6 bxc6 21. Rxc6
Rxc6 22. Qxc6 Nf6 23. Nbc5 Bd7 24. Nxd7 Qxd7 25. Rc1 Qxc6 26. Rxc6 Nd7 1-0

[Event "13sen.WMH 2003 Senioren"]
[Site "Bad Zwischenahn(17.11.-29.11.2003)"]
[Date "2003.11.29"]
[Round "6"]
[White "Postel, Richard"]
[Black "Boehm, Karl"]
[Result "1/2-1/2"]
[WhiteElo "1690"]
[BlackElo "1615"]
[PlyCount "73"]


1. e4 c5 2. Nf3 d6 3. d4 cxd4 4. Nxd4 Nc6 5. Nc3 g6 6. Be3 Bg7 7. Bc4 Nf6 8.
Nxc6 bxc6 9. Bb3 Ng4 10. Bd4 e5 11. Be3 Nxe3 12. fxe3 O-O 13. Qd2 Qc7 14. O-O-O
Rd8 15. h3 Be6 16. Bxe6 fxe6 17. Qe2 Rab8 18. b3 d5 19. exd5 exd5 20. e4 d4 21.
Qc4+ Kh8 22. Na4 Qd6 23. Qc5 Rb5 24. Qxd6 Rxd6 25. Rhf1 Rf6 26. Nb2 Rb7 27.
Rxf6 Bxf6 28. Rf1 Kg7 29. Nd3 Rf7 30. Kd1 Re7 31. a4 a5 32. Ke2 Rc7 33. Nc5 Kf7
34. g4 Ke7 35. Nd3 c5 36. Nb2 Bg5 37. Nc4 1/2-1/2

[Event "13sen.WMH 2003 Senioren"]
[Site "Bad Zwischenahn(17.11.-29.11.2003)"]
[Date "2003.11.29"]
[Round "6"]
[White "Rauscher, Erwin[23AUT]"]
[Black "Luebbers, Doris,Dr."]
[Result "1-0"]
[WhiteElo "1369"]
[BlackElo "1308"]
[PlyCount "89"]


1. d4 d5 2. Nf3 e6 3. c4 c5 4. cxd5 exd5 5. dxc5 Bxc5 6. e3 Nf6 7. a3 O-O 8.
Be2 b6 9. O-O Ba6 10. Bxa6 Nxa6 11. b4 Be7 12. Bb2 Nc7 13. Nbd2 b5 14. Nb3 Ne6
15. Rc1 Rc8 16. Na5 Rxc1 17. Qxc1 Qd7 18. Ne5 Qc7 19. Qxc7 Nxc7 20. Nec6 Re8
21. Nxa7 Ne4 22. Rc1 Ne6 23. Rd1 Nc7 24. g3 Bf6 25. Bxf6 Nxf6 26. Rc1 Ne6 27.
Nxb5 Ne4 28. Nd4 Nxd4 29. exd4 g6 30. Re1 Kf8 31. Rc1 Rd8 32. f3 Nf6 33. Kf2
Ra8 34. Rc5 Ke7 35. Ke2 Kd7 36. Kd3 Ra6 37. Kc3 Ke6 38. Kb3 Nd7 39. Rc6+ Rxc6
40. Nxc6 Kd6 41. Na5 Nb6 42. a4 Kc7 43. b5 Nd7 44. Kb4 Kb6 45. Nb3 1-0

[Event "13sen.WMH 2003 Senioren"]
[Site "Bad Zwischenahn(17.11.-29.11.2003)"]
[Date "2003.11.29"]
[Round "6"]
[White "Rodemann, Edmund"]
[Black "Bierwisch, Bernhard"]
[Result "1/2-1/2"]
[WhiteElo "1801"]
[BlackElo "2109"]
[PlyCount "31"]


1. e4 c5 2. c3 d6 3. d4 Nf6 4. dxc5 Nc6 5. f3 d5 6. exd5 Nxd5 7. Bc4 e6 8. Bxd5
exd5 9. Be3 Be7 10. Ne2 O-O 11. O-O Re8 12. Bf2 Bg5 13. Na3 Qe7 14. Nd4 Be3 15.
Bxe3 Qxe3+ 16. Kh1 1/2-1/2

[Event "13sen.WMH 2003 Senioren"]
[Site "Bad Zwischenahn(17.11.-29.11.2003)"]
[Date "2003.11.29"]
[Round "6"]
[White "Rubinstein, Mark"]
[Black "Fanenbruck, Guenter"]
[Result "1-0"]
[WhiteElo "1938"]
[BlackElo "1593"]
[PlyCount "77"]


1. c4 d6 2. Nc3 e5 3. g3 g6 4. Bg2 Bg7 5. e3 Nc6 6. Nge2 Nge7 7. O-O O-O 8. d4
a6 9. a3 Rb8 10. b4 Bd7 11. d5 Na7 12. a4 c6 13. e4 b6 14. dxc6 Bxc6 15. Be3
Nac8 16. Qd3 Qc7 17. Rac1 Ba8 18. Rfe1 Nc6 19. Nd5 Qd8 20. Bh3 N6e7 21. Ndc3 f5
22. f3 Rf7 23. c5 fxe4 24. fxe4 Nc6 25. Be6 Bf6 26. Qc4 Qe7 27. Bxf7+ Qxf7 28.
Qxf7+ Kxf7 29. cxd6 Nxb4 30. d7 Na7 31. a5 Nac6 32. Bxb6 Bd8 33. Na4 Bxb6+ 34.
axb6 Ke7 35. Rc4 Kd8 36. Nec3 Nc2 37. Kf2 N2d4 38. Nd5 Ne7 39. Nxe7 1-0

[Event "13sen.WMH 2003 Senioren"]
[Site "Bad Zwischenahn(17.11.-29.11.2003)"]
[Date "2003.11.29"]
[Round "6"]
[White "Samarian, Cornel"]
[Black "Becker, Guenter[40Steinb]"]
[Result "1-0"]
[WhiteElo "1592"]
[BlackElo "1669"]
[PlyCount "65"]


1. d4 c5 2. Nf3 cxd4 3. Nxd4 Nc6 4. Nxc6 bxc6 5. g3 Nf6 6. Bg2 d5 7. O-O e5 8.
Nd2 Bc5 9. Nb3 Bb6 10. a4 a5 11. e3 O-O 12. Nd2 Be6 13. b3 Qc7 14. Re1 Rfd8 15.
c3 Rac8 16. Bb2 e4 17. Qc2 Nd7 18. c4 Ne5 19. Bf1 Qd6 20. Be2 f5 21. c5 Bxc5
22. Bxe5 Qxe5 23. Qxc5 Qf6 24. Rab1 d4 25. exd4 Rd5 26. Qc2 c5 27. dxc5 Rcxc5
28. Qb2 Qh6 29. Nf1 f4 30. Bc4 Qh3 31. Rxe4 f3 32. Ne3 Kf7 33. Rh4 1-0

[Event "13sen.WMH 2003 Senioren"]
[Site "Bad Zwischenahn(17.11.-29.11.2003)"]
[Date "2003.11.29"]
[Round "6"]
[White "Schober, Manfred"]
[Black "Roth, Reinhard"]
[Result "1-0"]
[WhiteElo "1837"]
[BlackElo "1827"]
[PlyCount "91"]


1. d4 Nf6 2. Nf3 e6 3. c4 c6 4. Nc3 Bd6 5. e4 Bc7 6. e5 Ng8 7. Bd3 h6 8. O-O d6
9. Bf4 d5 10. Rc1 Ne7 11. b3 Nd7 12. Re1 a6 13. Bg3 O-O 14. Qc2 Ba5 15. Re3
Bxc3 16. Qxc3 c5 17. Rd1 Rb8 18. Bh4 dxc4 19. bxc4 Qe8 20. Bxe7 Qxe7 21. d5 b5
22. Bc2 bxc4 23. d6 Qd8 24. Qxc4 Rb4 25. Qd3 g6 26. a3 Rb6 27. Nd2 Kh7 28. Nc4
Rb8 29. Rg3 Rg8 30. Rf3 Qf8 31. h4 Bb7 32. Rg3 h5 33. Ba4 Bc8 34. Rg5 Qh6 35.
Qf3 Qg7 36. Rxh5+ gxh5 37. Bc2+ Qg6 38. Qxf7+ Kh6 39. Bxg6 Rxg6 40. g3 a5 41.
Nxa5 Rb2 42. Nc4 Rc2 43. Ne3 Rc3 44. Qe8 Kh7 45. Qxc8 Nxe5 46. d7 1-0

[Event "13sen.WMH 2003 Senioren"]
[Site "Bad Zwischenahn(17.11.-29.11.2003)"]
[Date "2003.11.29"]
[Round "6"]
[White "Schubert, Hans-Joachim[36AUT]"]
[Black "Vucenovic, Dragomir"]
[Result "0-1"]
[WhiteElo "1805"]
[BlackElo "2204"]
[PlyCount "72"]


1. e4 e5 2. Nf3 Nc6 3. Bc4 Nf6 4. Ng5 d5 5. exd5 Na5 6. Bb5+ c6 7. dxc6 bxc6 8.
Qf3 h6 9. Ne4 Nd5 10. Ba4 Be7 11. O-O O-O 12. d3 f5 13. Ng3 Bd7 14. Nc3 Nb6 15.
Bb3+ Nxb3 16. axb3 Qc7 17. Bd2 Be6 18. Rad1 Qd7 19. h3 Nd5 20. Nxd5 cxd5 21.
Qh5 f4 22. Nh1 Rac8 23. c3 Rf5 24. Qf3 Qb7 25. Rfe1 Qxb3 26. g4 fxg3 27. Qxg3
Kh7 28. Qe3 Bd6 29. Qxa7 Bc5 30. Qa6 Rf6 31. Qa5 Qxb2 32. Be3 d4 33. cxd4 exd4
34. Bc1 Rg6+ 35. Ng3 Qb8 36. Kh2 Bb4 0-1

[Event "13sen.WMH 2003 Senioren"]
[Site "Bad Zwischenahn(17.11.-29.11.2003)"]
[Date "2003.11.29"]
[Round "6"]
[White "Schuler, Georg[29Baling]"]
[Black "Daitche, Josef"]
[Result "1-0"]
[WhiteElo "1847"]
[BlackElo "1649"]
[PlyCount "85"]


1. c4 g6 2. Nc3 Bg7 3. g3 c6 4. Bg2 e5 5. e3 Ne7 6. Nge2 d6 7. d4 Bg4 8. Qb3
Qc7 9. O-O O-O 10. Bd2 Nd7 11. Rac1 exd4 12. exd4 Nb6 13. Bf4 Qd7 14. Rfe1 Bf5
15. Ne4 Bxe4 16. Bxe4 d5 17. cxd5 Nexd5 18. Be3 Rfe8 19. Bg2 Qe7 20. Bd2 Qd7
21. Bc3 Re7 22. Rcd1 Rae8 23. Qc2 f5 24. a4 Nf6 25. Bb4 Re6 26. Nf4 Rxe1+ 27.
Bxe1 Nbd5 28. Nd3 Qe7 29. Bc3 Ne4 30. Re1 Qf7 31. Bxe4 fxe4 32. Nc5 e3 33. fxe3
Nxe3 34. Qd3 Qf3 35. Qe2 Qd5 36. Rd1 b6 37. Na6 c5 38. Nc7 Qb3 39. Rd3 Re7 40.
Rxe3 Rxc7 41. dxc5 Rxc5 42. Qf3 Bxc3 43. Re8+ 1-0

[Event "13sen.WMH 2003 Senioren"]
[Site "Bad Zwischenahn(17.11.-29.11.2003)"]
[Date "2003.11.29"]
[Round "6"]
[White "Smits, Oswald"]
[Black "Spindler, Egbert"]
[Result "1-0"]
[WhiteElo "1644"]
[BlackElo "1771"]
[PlyCount "57"]


1. d4 d5 2. Nf3 Nf6 3. Bg5 Nbd7 4. e3 c6 5. Bd3 h6 6. Bh4 Qb6 7. b3 e6 8. O-O
Be7 9. Nbd2 g5 10. Bg3 Nh5 11. Be5 Bf6 12. Bd6 c5 13. dxc5 Nxc5 14. Bxc5 Qxc5
15. Nd4 Ng7 16. Bb5+ Kf8 17. b4 Qb6 18. Be2 Bxd4 19. exd4 Qxd4 20. c4 dxc4 21.
Bxc4 Bd7 22. Qe2 Bc6 23. Rfd1 Bd5 24. Bxd5 Qxd5 25. Nf3 Qc6 26. Rac1 Qb6 27.
Ne5 Qa6 28. b5 Qa3 29. Rc7 1-0

[Event "13sen.WMH 2003 Senioren"]
[Site "Bad Zwischenahn(17.11.-29.11.2003)"]
[Date "2003.11.29"]
[Round "6"]
[White "Springer, Artur"]
[Black "Kuehn, Peter[38NBrandb]"]
[Result "1/2-1/2"]
[WhiteElo "1832"]
[BlackElo "1882"]
[PlyCount "33"]


1. d4 f5 2. c4 Nf6 3. Nc3 g6 4. g3 Bg7 5. Nf3 O-O 6. Bg2 d6 7. O-O Na6 8. b3
Qe8 9. Bb2 Bd7 10. e3 c6 11. Qe2 Nc7 12. Rfd1 h6 13. d5 c5 14. Rd2 g5 15. Re1
Ne4 16. Rc2 Nxc3 17. Bxc3 1/2-1/2

[Event "13sen.WMH 2003 Senioren"]
[Site "Bad Zwischenahn(17.11.-29.11.2003)"]
[Date "2003.11.29"]
[Round "6"]
[White "Steinbach, Horst"]
[Black "Farin, Friedrich"]
[Result "0-1"]
[WhiteElo "1497"]
[BlackElo "1393"]
[PlyCount "91"]


1. e4 d6 2. d4 Nf6 3. Nc3 g6 4. Nf3 Bg7 5. Bc4 O-O 6. Bg5 Nxe4 7. Nxe4 d5 8.
Bxd5 Qxd5 9. Qd3 Bf5 10. Nfd2 Nc6 11. c3 Ne5 12. Qc2 Nc4 13. f3 f6 14. Bf4 e5
15. Nxc4 Qxc4 16. Be3 exd4 17. Bxd4 c5 18. Bf2 Rfe8 19. Qe2 Qxe2+ 20. Kxe2 b6
21. Rad1 Bxe4 22. fxe4 Rxe4+ 23. Kf3 f5 24. Rd7 Rae8 25. Rxa7 Re2 26. Rb7 Rxb2
27. Bxc5 Bxc3 28. Rxb6 Rxa2 29. Rf1 Ree2 30. Rf2 Rxf2+ 31. Bxf2 Kg7 32. Rb7+
Kg8 33. Rb8+ Kg7 34. Rb7+ Kh6 35. Be3+ g5 36. Rb6+ Kh5 37. Rb5 g4+ 38. Kf4 Rxg2
39. Rxf5+ Kh4 40. Rf7 h5 41. Rc7 Bd2 42. Bxd2 Rxd2 43. Rc1 Rxh2 44. Rg1 Rf2+
45. Ke3 g3 46. Rh1+ 0-1